| 000 | 00368nam a2200145 a 4500 | ||
|---|---|---|---|
| 001 | 000033453 | ||
| 005 | 20200930070253.0 | ||
| 008 | 110829s1983 dr 000 0 spa d | ||
| 040 |
_aDO-SdBNP _bspa _cBNPHU |
||
| 082 |
_axxx _bB533 |
||
| 100 | 1 |
_aBerroa, Rei _9319 |
|
| 245 | 1 | 4 | _aLos otros. |
| 260 |
_aSanto Domingo : _bImprenta Paz, _c1983. |
||
| 300 |
_a37 p. ; _c21 cm. |
||
| 999 |
_c32944 _d32944 |
||